LEADER 00891nam0-2200313 --450 001 9910283144603321 005 20180911112155.0 010 $a978-88-498-4314-9 020 $aIT$b2015-2235 100 $a20180911d2015----kmuy0itay5050 ba 101 1 $aita$cfre 102 $aIT 105 $a 001yy 200 1 $a<>bella morte dell'ateismo moderno$fPhilippe Nemo 210 $aSoveria Mannelli$cRubbettino$d2015 215 $a138 p.$d21 cm 225 1 $aProblemi aperti$v196 300 $aTraduzione di Gustavo Cevolani 610 0 $aAteismo 676 $a211.8$v23$zita 700 1$aNemo,$bPhilippe$0254279 702 1$aCevolani,$bGustavo 801 0$aIT$bUNINA$gREICAT$2UNIMARC 901 $aBK 912 $a9910283144603321 952 $aCOLLEZ. 1858 (196)$b1554/2018$fFSPBC 959 $aFSPBC 996 $aBella morte dell'ateismo moderno$91507551 997 $aUNINA LEADER 01974oam 2200589 450 001 9910712064003321 005 20190401102923.0 035 $a(CKB)5470000002489461 035 $a(OCoLC)1048000111 035 $a(EXLCZ)995470000002489461 100 $a20180807d1957 ua 0 101 0 $aeng 135 $aur||||||||||| 181 $ctxt$2rdacontent 182 $cc$2rdamedia 183 $acr$2rdacarrier 200 10$aSurface water supply of the United States, 1955$hPart 5$iHudson Bay and upper Mississippi River basins /$fprepared under the direction of J.V.B. Wells 210 1$a[Washington, D.C.] :$cUnited States Department of the Interior, Geological Survey,$d1957. 215 $a1 online resource (xii, 548 pages) $cillustrations, maps 225 1 $aGeological Survey water-supply paper ;$v1388 300 $a"Prepared in cooperation with the States of Illinois, Indiana, Iowa, Minnesota, Missouri, North Dakota, and Wisconsin, and with other agencies." 300 $aIncludes index. 606 $aWater-supply$zMississippi River Watershed 606 $aWater quality$zHudson Bay 606 $aWater quality$zMississippi River Watershed 606 $aWater quality$2fast 606 $aWater-supply$2fast 607 $aHudson Bay$2fast 607 $aMississippi River Watershed$2fast 615 0$aWater-supply 615 0$aWater quality 615 0$aWater quality 615 7$aWater quality. 615 7$aWater-supply. 700 $aWells$b J. V. B.$01385991 712 02$aGeological Survey (U.S.), 712 02$aIllinois. 712 02$aIndiana. 712 02$aIowa. 712 02$aMinnesota. 712 02$aMissouri. 712 02$aNorth Dakota. 712 02$aWisconsin. 801 0$bCOP 801 1$bCOP 801 2$bOCLCO 801 2$bOCLCF 801 2$bGPO 906 $aBOOK 912 $a9910712064003321 996 $aSurface water supply of the United States, 1955$93434530 997 $aUNINA